书目信息 |
| 题名: |
阿拉伯联合酋长国,又名,特鲁西尔诸国
|
|
| 作者: | 唐纳德·霍利 著 ;雅飞 译 | |
| 分册: | ||
| 出版信息: | 北京 北京人民出版社 1978.3 |
|
| 页数: | 448页 | |
| 开本: | 20cm | |
| 丛书名: | ||
| 单 册: | ||
| 中图分类: | K387 | |
| 科图分类: | ||
| 主题词: | 亚洲--历史 | |
| 电子资源: | ||
| ISBN: | ||
| 000 | 00759nam0 2200253 45 | |
| 001 | 0212030966 | |
| 005 | 20060925171727.66 | |
| 010 | @dCNY1.40 | |
| 091 | @a11071.95 | |
| 100 | @a20021203d1978 km y0chiy0120 ea | |
| 101 | 0 | @achi |
| 200 | 1 | @a阿拉伯联合酋长国,又名,特鲁西尔诸国@AA La Bo Lian He Qiu Chang Guo,You Ming,Te Lu Xi Er Zhu Guo@f(英)唐纳德·霍利著@F(Ying)Tang Na De·Huo Li Zhu@g雅飞译 |
| 210 | @a北京@c北京人民出版社@d1978.3 | |
| 215 | @a448页@d20cm | |
| 300 | @a内部参考 | |
| 300 | @a附录 | |
| 320 | @a索引 | |
| 517 | @a特鲁西尔诸国@ATe Lu Xi Er Zhu Guo | |
| 606 | 0 | @a亚洲@x历史 |
| 690 | @aK387@v1 | |
| 701 | 0 | @a唐纳德·霍利@4著 |
| 702 | 0 | @a雅飞@AYa Fei@4译 |
| 801 | @aCN@bTSTC@c20060925 | |
| 905 | @f2@b219190-191@dK387@e3 | |
| 阿拉伯联合酋长国,又名,特鲁西尔诸国/(英)唐纳德·霍利著/雅飞译.-北京:北京人民出版社,1978.3 |
| 448页;20cm |
| 内部参考.-附录 |
| ISBN :CNY1.40 |
| ● |
| 相关链接 |
|
|
|
|
正题名:阿拉伯联合酋长国,又名,特鲁西尔诸国
索取号:K387/3
 
预约/预借
| 序号 | 登录号 | 条形码 | 馆藏地/架位号 | 状态 | 备注 |
| 1 | 0219190 | 001731077 | 第二借阅区/ [索取号:K387/3] | 在馆 | |
| 2 | 0219191 | 001731031 | 第二样本阅览室/ [索取号:K387/3] | 在馆 | |
| 3 | 0423041 | 204230411 | 密集书库/ [索取号:K387/3] | 在馆 | |
| 4 | 0436288 | 204362885 | 密集书库/ [索取号:K387/3] | 在馆 |